01004cam a22002651 450000100060000000300080000600500170001400800410003103500190007203500190009104000340011004100080014408200200015211000450017224500450021726000660026230000520032850000500038050000610043065000500049165000380054194200120057999900170059195201300060816681BD-RjUL20211209000035.0140215s1951 dcuk f 000 0 eng  a(BD-RjUL)16736 a(OCoLC)2553923 aDLCcNmUdOCoLCdBD-RjULbeng aeng a720.2bHAN 19512 aAmerican Institute of Architects.95153814aThe handbook of architectural practice / aWashington, D.C.,bThe American Institute of Architectsc1951 a5 p. l., 13-204 p. incl. forms l :c28 x 22 cm. a"First edition 1920 ... Fourth edition 1943." a"Appendices" (A.I.A. documents and forms): p. [93]-[199] 0aArchitecturevHandbooks, manuals, etc.951524 0aBuildingsvSpecifications.951525 2ddccBK c16681d16681 00102ddc40718NFICaRUCLbRUCLcReadingd1957-03-04eUSA Gov.l0o720.2 HAN 1951r2014-02-15 00:00:00tC-1w2021-12-09yBK